| 000 | 004420000a22001810004500 | ||
|---|---|---|---|
| 003 | MACL | ||
| 005 | 20150729153040.0 | ||
| 008 | 150729b xxu||||| |||| 00| 0 eng d | ||
| 040 |
_aMACL _cMACL |
||
| 041 | _aEnglish | ||
| 082 | _a335.754/GUP | ||
| 100 |
_aGupta, M.G. _9252 |
||
| 245 | _aModern Socialist Theories | ||
| 260 |
_bM.G. Publications _c1992 _aAgra |
||
| 350 | _a175 | ||
| 650 |
_aSocial Science _93246 |
||
| 942 |
_cBK _k335.754 _2ddc |
||
| 999 |
_c1805 _d1805 |
||